Jan Vermeer /

Bibliographic Details
Main Author: Wheelock, Arthur K., Jr., 1943-
Format: Book
Language:English
Published: New York : Abrams, 1981.
Series:Library of great painters.
Subjects:

MARC

Tag First Indicator Second Indicator Subfields
LEADER 00000pam a2200000 a 4500
001 in00000079280
005 20151008060814.0
008 810220s1981 nyua b 00110 eng
010 |a  81001754  
020 |a 0810917300 :  |c $35.00 
035 |a (OCoLC)07461786 
035 |9 AAJ6613AM 
039 0 |a 2  |b 3  |c 3  |d 3  |e 3 
040 |a DLC  |c DLC  |d TXA  |d UtOrBLW 
049 |a TXAM  |c [1442906] 
050 0 0 |a ND653.V5  |b W47 1981 
082 0 |a 759.9492  |2 19 
100 1 |a Wheelock, Arthur K.,  |c Jr.,  |d 1943- 
245 1 0 |a Jan Vermeer /  |c text by Arthur K. Wheelock, Jr. 
264 1 |a New York :  |b Abrams,  |c 1981. 
300 |a 168 pages :  |b illustrations (some color) ;  |c 33 cm. 
336 |a text  |b txt  |2 rdacontent 
337 |a unmediated  |b n  |2 rdamedia 
338 |a volume  |b nc  |2 rdacarrier 
490 1 |a The library of great painters 
500 |a Includes index. 
504 |a Bibliography: pages 163-164. 
600 1 0 |a Vermeer, Johannes,  |d 1632-1675. 
830 0 |a Library of great painters. 
999 |a MARS 
999 f f |s d02a4629-2f53-3815-9326-8f1d828e811d  |i e448afe0-d1e5-3587-ac35-e09df9783be0  |t 0 
952 f f |p ric  |a Texas A&M University  |b Rellis Campus  |c Joint Library Facility  |d Remote Storage  |t 0  |e ND653.V5 W47 1981  |h Library of Congress classification  |i unmediated -- volume  |m A14806170012 
998 f f |a ND653.V5 W47 1981  |t 0  |l Remote Storage